[Event "Asian Cup"]
[Site "SchemingMind.com"]
[Date "2009.10.17"]
[Round "-"]
[White "lemmie"]
[Black "MOIMOI"]
[Result "1/2-1/2"]
[WhiteCountry "NED"]
[BlackCountry "POL"]
[WhiteElo "1589"]
[WhiteRD "50"]
[BlackElo "1604"]
[BlackRD "57"]
[GameID "223321"]

1. e4 d5 2. exd5 Qxd5 3. Nc3 Qe5+ 4. Be2 Bg4 5. d4 Qe6 6. Be3 Bxe2 7. Ngxe2 Qg6 8. Nf4 Qc6 9. d5 Qd6 10. O-O a6
11. Ne4 Qd8 12. c4 g5 13. Nxg5 e5 14. Nxf7 Kxf7 15. Ne6 Qf6 16. Qh5+ Qg6 17. Qxe5 Nf6 18. Bd4 Nbd7 19. Qxc7 Be7 20. Rfe1 Rhg8
21. Nf4 Qg5 22. g3 Rae8 23. d6 Bd8 24. Qxb7 h5 25. Bxf6 Rxe1+ 26. Rxe1 Qf5 27. Bxd8 Rxd8 28. Re7+ Kg8 29. Ne6 Rb8 30. Qxd7 Qb1+
31. Kg2 Qe4+ 32. Kg1 Qe1+=
1/2-1/2

[Event "Asian Cup"]
[Site "SchemingMind.com"]
[Date "2009.10.17"]
[Round "-"]
[White "MOIMOI"]
[Black "lemmie"]
[Result "0-1"]
[WhiteCountry "POL"]
[BlackCountry "NED"]
[WhiteElo "1612"]
[WhiteRD "69"]
[BlackElo "1621"]
[BlackRD "53"]
[GameID "223330"]

1. Nf3 Nc6 2. g3 e5 3. d3 Nf6 4. Nbd2 d5 5. e4 Bg4 6. Bg2 dxe4 7. h3 Bxf3 8. Nxf3 exf3 9. Bxf3 Bc5 10. Be3 Bxe3
11. fxe3 Qe7 12. a3 O-O-O 13. Bxc6 bxc6 14. Qf3 e4 15. Qf5+ Kb8 16. d4 Nd5 17. Kd2 g6 18. Qf1 Qg5 19. Re1 c5 20. Qb5+ Ka8
21. Qc6+ Kb8 22. Qxc5 h6 23. a4 Qxg3 24. Qb5+ Nb6 25. a5 Qg2+ 26. Kd1 Rd5 27. Qb3 Rxa5 28. Re2 Ra1+
0-1

[Event "Asian Cup"]
[Site "SchemingMind.com"]
[Date "2009.10.22"]
[Round "-"]
[White "Manuel Angel"]
[Black "rampichino"]
[Result "1-0"]
[WhiteCountry "ESP"]
[BlackCountry "ITA"]
[WhiteElo "2102"]
[WhiteRD "80"]
[BlackElo "1389"]
[BlackRD "91"]
[GameID "223641"]

1. d4 d5 2. c4 c6 3. Nc3 e6 4. Nf3 Nf6 5. Bg5 dxc4 6. e3 b5 7. a4 Bb4 8. Qc2 Nbd7 9. Be2 O-O 10. O-O Bb7
11. axb5 Bxc3 12. bxc6 Bxc6 13. Qxc3 Nb6 14. Ne5 Bd5 15. f3 Qc7 16. b3 Nfd7 17. Nxc4 Rfc8 18. Rfc1 f6 19. Bf4 e5 20. Bg3 exd4
21. exd4 Qc6 22. Ra5 Nxc4 23. bxc4 Nb6 24. c5
1-0

[Event "Asian Cup"]
[Site "SchemingMind.com"]
[Date "2009.10.22"]
[Round "-"]
[White "rampichino"]
[Black "Manuel Angel"]
[Result "0-1"]
[WhiteCountry "ITA"]
[BlackCountry "ESP"]
[WhiteElo "1389"]
[WhiteRD "91"]
[BlackElo "2102"]
[BlackRD "80"]
[GameID "223648"]

1. e4 e5 2. Nf3 Nc6 3. d4 exd4 4. Nxd4 Qf6 5. Nxc6 Qxc6 6. Nc3 Bb4 7. Bd3 Bxc3+ 8. bxc3 Nf6 9. Bb2 O-O 10. O-O Nxe4
11. Qf3 Nc5 12. Qxc6 dxc6 13. Ba3 Nxd3 14. Bxf8 Nf4 15. Ba3 Ne2+ 16. Kh1 Nxc3 17. Rfe1 Be6 18. Re3 Nd5 19. Re2 a5 20. Bb2 b5
21. g3 Bg4 22. Re5 f6 23. Ree1 Nb4 24. Re7 Nxc2
0-1

[Event "Asian Cup"]
[Site "SchemingMind.com"]
[Date "2009.10.25"]
[Round "-"]
[White "APB"]
[Black "Gammon"]
[Result "1-0"]
[WhiteCountry "ENG"]
[BlackCountry "USA"]
[WhiteElo "1563"]
[WhiteRD "69"]
[BlackElo "1416"]
[BlackRD "47"]
[GameID "224175"]

1. e4 e5 2. Nf3 Nc6 3. Bc4 Bc5 4. c3 Nf6 5. d4 exd4 6. cxd4 Bb4+ 7. Nc3 Nxe4 8. Qe2 Qe7 9. Bxf7+ Qxf7 10. Ng5 Qe7
11. Nxe4 d6 12. Bg5 Bg4 13. Qxg4 Bxc3+ 14. bxc3 Qd7 15. Qe2 O-O 16. Qc4+ Kh8 17. O-O Qg4 18. Rfe1 Rae8 19. f3 d5 20. Qxd5 Qe6
21. Qxe6 Rxe6 22. Nc5 Rxe1+ 23. Rxe1 h6 24. Bd2 b6 25. Nd3 Nd8 26. Nf4 Kh7 27. Re7
1-0

[Event "Asian Cup"]
[Site "SchemingMind.com"]
[Date "2009.10.25"]
[Round "-"]
[White "jl1234"]
[Black "BigDaddy"]
[Result "1-0"]
[WhiteCountry "POL"]
[BlackCountry "AUT"]
[WhiteElo "1791"]
[WhiteRD "77"]
[BlackElo "1289"]
[BlackRD "60"]
[GameID "224176"]

1. d4 Nf6 2. c4 e6 3. a3 d5 4. c5 b6 5. b4 Ne4 6. e3 Qf6 7. Qf3 Qh4 8. g3 Qf6 9. Qxf6 gxf6 10. f3 Ng5
11. h4 Bh6 12. hxg5 fxg5 13. Rxh6 Nc6 14. Bb5 Bd7 15. Nc3 f5 16. Bxc6 Bxc6 17. Rxe6+ Kd7 18. Re5 Rhf8 19. b5 Bb7 20. c6+ Bxc6
21. bxc6+ Kxc6 22. Nxd5 a5 23. Nh3 h6 24. Ne7+ Kd7 25. Nxf5
1-0

[Event "Asian Cup"]
[Site "SchemingMind.com"]
[Date "2009.10.25"]
[Round "-"]
[White "Gammon"]
[Black "APB"]
[Result "0-1"]
[WhiteCountry "USA"]
[BlackCountry "ENG"]
[WhiteElo "1416"]
[WhiteRD "47"]
[BlackElo "1563"]
[BlackRD "69"]
[GameID "224183"]

1. c4 e5 2. Nc3 Nc6 3. g3 g6 4. Bg2 Bg7 5. e4 Nf6 6. d3 d6 7. Bg5 Be6 8. Nf3 h6 9. Be3 g5 10. Qe2 Qd7
11. d4 exd4 12. Nxd4 a6 13. O-O-O Ng4 14. e5 Bxe5 15. Bxc6 bxc6 16. Kb1 Bxd4 17. Rxd4 c5 18. Rd2 Bf5+ 19. Ka1 O-O 20. f3 Nxe3
21. Qxe3 Rae8 22. Ne4 f6 23. Re1 Bxe4 24. fxe4 f5 25. Qd3 fxe4 26. Rxe4 Rf1+ 27. Rd1 Rxd1+ 28. Qxd1 Rxe4 29. Qd5+ Qe6 30. Qa8+ Kg7
31. b3 Qe5+
0-1

[Event "Asian Cup"]
[Site "SchemingMind.com"]
[Date "2009.10.25"]
[Round "-"]
[White "BigDaddy"]
[Black "jl1234"]
[Result "0-1"]
[WhiteCountry "AUT"]
[BlackCountry "POL"]
[WhiteElo "1289"]
[WhiteRD "60"]
[BlackElo "1791"]
[BlackRD "77"]
[GameID "224184"]

1. e4 c5 2. Nf3 e6 3. d4 h6 4. d5 d6 5. c4 Be7 6. b3 Bf6 7. e5 dxe5 8. Bb2 e4 9. Nfd2 Bxb2 10. Nxe4 Bxa1
11. Nbd2 Bd4 12. Nf3 Qa5+ 13. Nfd2 Qxa2 14. Qh5 Nf6 15. Qf3 Qa1+ 16. Ke2 O-O 17. Qg3 exd5 18. Nd6 Be5 19. Qh4 Bxd6 20. g3 Re8+
21. Kf3 Qd1+ 22. Kg2 Qxd2 23. Kg1 Re1 24. Qh3 Bxh3 25. f4 Qg2#
0-1

[Event "Asian Cup"]
[Site "SchemingMind.com"]
[Date "2009.10.30"]
[Round "-"]
[White "Naoki_M"]
[Black "e_castle3"]
[Result "1-0"]
[WhiteCountry "JPN"]
[BlackCountry "PHI"]
[WhiteElo "1863"]
[WhiteRD "118"]
[BlackElo "1713"]
[BlackRD "78"]
[GameID "224733"]

1. d4 d5 2. Nf3 Nf6 3. Bg5 h6 4. Bxf6 exf6 5. Nc3 Bb4 6. e3 O-O 7. Bd3 Bg4 8. O-O Nd7 9. Nxd5 Ba5 10. b4 Bb6
11. c4 a6 12. a4 Ba7 13. c5 Nxc5 14. dxc5 c6 15. Nb6 Bxb6 16. cxb6 Bxf3 17. gxf3 Qxb6 18. Qd2 Rad8 19. Rfd1 Rd5 20. Ra3 Rfd8
21. Qb2 Qc7 22. f4 Qd7 23. Qe2 Qh3 24. f3 Kh8 25. Qg2 Qe6 26. e4 R5d6 27. f5 Qe5 28. Qc2 Qd4+ 29. Kf1 Qe3 30. Qe2 Qf4
31. Rd2 Rd4 32. Rb3 Qe5 33. Ke1 R4d7 34. Qd1 Qd4 35. Ke2 Qd6 36. Qg1 Qe5 37. Rc2 Re8 38. Rc5 Qa1 39. Qxa1
1-0

[Event "Asian Cup"]
[Site "SchemingMind.com"]
[Date "2009.10.29"]
[Round "-"]
[White "e_castle3"]
[Black "Naoki_M"]
[Result "0-1"]
[WhiteCountry "PHI"]
[BlackCountry "JPN"]
[WhiteElo "1713"]
[WhiteRD "78"]
[BlackElo "1863"]
[BlackRD "118"]
[GameID "224738"]

1. e4 c5 2. Nf3 g6 3. g3 Nc6 4. Bg2 Bg7 5. O-O d6 6. c3 Nf6 7. Re1 O-O 8. d4 cxd4 9. cxd4 Bg4 10. h3 Bxf3
11. Bxf3 e5 12. d5 Nd4 13. Bg2 Rc8 14. Nc3 a6 15. a4 Nd7 16. Be3 Re8 17. f4 Qb6 18. Rb1 Rc7 19. Qd3 Rec8 20. Kh1 Nc5
21. Qd1 Ndb3 22. Bf3 exf4 23. gxf4 Re8 24. Bf2 Qb4 25. Qc2 Nd4 26. Bxd4 Bxd4 27. Re2 Qb3 28. Qxb3 Nxb3 29. Rc2 Bxc3 30. bxc3 Nd4
31. Rf2 Nxf3 32. Rxf3 Rxe4 33. Kg2 Rxa4 34. Kg3 b5 35. Re3 Kf8 36. Kg4 Rcc4 37. Rbe1 Rxf4+ 38. Kg5 Kg7
0-1

[Event "Asian Cup"]
[Site "SchemingMind.com"]
[Date "2009.11.04"]
[Round "-"]
[White "ejay"]
[Black "diggies"]
[Result "1-0"]
[WhiteCountry "SCO"]
[BlackCountry "USA"]
[WhiteElo "1943"]
[WhiteRD "132"]
[BlackElo "1696"]
[BlackRD "84"]
[GameID "224881"]

1. e4 e5 2. Bc4 Nf6 3. d3 c6 4. Nc3 Bc5 5. Nf3 d5 6. exd5 cxd5 7. Bb5+ Nc6 8. Nxe5 Bd7 9. Nxd7 Qxd7 10. O-O O-O
11. Bg5 Be7 12. Qf3 a6 13. Ba4 h6 14. Bxf6 Bxf6 15. Qxd5 Qxd5 16. Nxd5 Ne5 17. Nxf6+ gxf6 18. Rfe1 Rac8 19. Re4 b5 20. Bb3 Nd7
21. d4 Nb8 22. Rae1 Nc6 23. Rh4 Kg7 24. Re3 Rcd8 25. c3 Rde8 26. Rg3+ Kh7 27. Bc2+ f5 28. Bxf5+ Kh8 29. Rxh6#
1-0

[Event "Asian Cup"]
[Site "SchemingMind.com"]
[Date "2009.11.04"]
[Round "-"]
[White "diggies"]
[Black "ejay"]
[Result "0-1"]
[WhiteCountry "USA"]
[BlackCountry "SCO"]
[WhiteElo "1696"]
[WhiteRD "84"]
[BlackElo "1943"]
[BlackRD "132"]
[GameID "224889"]

1. e4 e6 2. d4 d5 3. e5 c5 4. c3 Nc6 5. Nf3 Qb6 6. a4 Nh6 7. b3 Nf5 8. Bb5 Bd7 9. g4 Nh6 10. Bxh6 gxh6
11. Nbd2 cxd4 12. Bxc6 bxc6 13. cxd4 Rg8 14. h3 Rb8 15. Rb1 c5 16. dxc5 Bxc5 17. O-O h5 18. g5 h4 19. Qc2 Rg6 20. Rb2 h6
21. Ra2 Rc8 22. Qb1 Bb4 23. Nxh4 Rxg5+ 24. Kh1 Bxd2 25. Rxd2 Rc3 26. Rd3 d4 27. Re1 Bc6+ 28. Kh2 Qb4 29. Re2 Qc5 30. f3 Rc1
31. Qb2 Rgg1 32. Rg2 Qxe5+ 33. f4 Qxf4+ 34. Rdg3 Rh1#
0-1

[Event "Asian Cup"]
[Site "SchemingMind.com"]
[Date "2009.11.02"]
[Round "-"]
[White "maro"]
[Black "Clive Everill"]
[Result "0-1"]
[WhiteCountry "MEX"]
[BlackCountry "CZE"]
[WhiteElo "1327"]
[WhiteRD "48"]
[BlackElo "1669"]
[BlackRD "49"]
[GameID "225057"]

1. c4 Nf6 2. Nc3 g6 3. e3 Bg7 4. d4 O-O 5. Nf3 c5 6. d5 d6 7. Be2 Bg4 8. h3 Bxf3 9. Bxf3 Nbd7 10. O-O Ne5
11. e4 Nxc4 12. b3 Nb6 13. a4 a6 14. a5 Nbd7 15. Ra2 Ne5 16. Be3 Nxf3+ 17. Qxf3 Nd7 18. Ne2 f5 19. exf5 Rxf5 20. Nf4 Ne5
21. Qe4 Bh6 22. Ne6 Qe8 23. Bxh6 Qc8 24. f3 Rh5 25. Bg7 Nf7 26. Rc2 Nd8 27. Nxd8 Qxd8 28. Bc3 b5 29. axb6 Qxb6 30. Qxe7 Re5
31. Bxe5 dxe5 32. Re1 c4+ 33. Kh1 Qxb3 34. Qe6+ Kf8 35. Ree2 a5 36. Qf6+ Kg8 37. Rb2 Qd1+ 38. Kh2 Qxd5 39. Rxe5 Qd8 40. Rb7 Qxf6
0-1

[Event "Asian Cup"]
[Site "SchemingMind.com"]
[Date "2009.11.02"]
[Round "-"]
[White "Clive Everill"]
[Black "maro"]
[Result "1-0"]
[WhiteCountry "CZE"]
[BlackCountry "MEX"]
[WhiteElo "1669"]
[WhiteRD "49"]
[BlackElo "1327"]
[BlackRD "48"]
[GameID "225065"]

1. e4 Nc6 2. d4 e5 3. dxe5 Nxe5 4. f4 Nc6 5. Nf3 Bb4+ 6. c3 Bc5 7. Bc4 d5 8. Bxd5 Nge7 9. Bb3 O-O 10. Nbd2 Qd3
11. Bc2 Qe3+ 12. Qe2 Bg4 13. Qxe3 Bxe3 14. Nb3 Bxc1 15. Nxc1 Rad8 16. Nd3 f5 17. e5 Nd5 18. Kf2 h6 19. Nc5 Nxf4 20. g3 Nh3+
21. Ke3 f4+ 22. gxf4 Rxf4 23. Rhf1 Re8 24. Bg6 Rxf3+ 25. Rxf3 Rxe5+ 26. Ne4 Ng5 27. Rf4 h5 28. Kd3 Rd5+ 29. Ke3 Ne5 30. Nxg5 Nxg6
31. Rxg4 hxg4 32. Ne4 Re5 33. Kd3 b6 34. Rg1 Nf4+ 35. Ke3 Nh3 36. Rxg4 g5 37. Rg3 Nf2 38. Kxf2 Rxe4 39. Rxg5+
1-0

[Event "Asian Cup"]
[Site "SchemingMind.com"]
[Date "2009.11.02"]
[Round "-"]
[White "Carl Lenox"]
[Black "MrPerry"]
[Result "0-1"]
[WhiteCountry "CAN"]
[BlackCountry "USA"]
[WhiteElo "1372"]
[WhiteRD "64"]
[BlackElo "1814"]
[BlackRD "84"]
[GameID "225144"]

1. e4 b6 2. d4 Bb7 3. Nc3 e6 4. Nf3 d6 5. Bb5+ Nd7 6. O-O a6 7. Be2 g6 8. Be3 Bg7 9. Re1 Ne7 10. Qd2 c5
11. Rad1 cxd4 12. Bxd4 Bxd4 13. Nxd4 O-O 14. a3 Nf6 15. Bf3 Qc7 16. b4 Rac8 17. Nce2 Bxe4 18. c3 Bxf3 19. Nxf3 Ne4 20. Qd3 Nxc3
21. Nxc3 Qxc3 22. Qxd6 Nf5 23. Qxb6 Qxa3 24. Rd7 Rb8 25. Rb7 Rxb7 26. Qxb7 Nd6 27. Qb6 Nb5 28. g3 Qxf3 29. Qxa6 Nd4 30. b5 Ne2+
31. Kf1 Nc3 32. b6 Qh1#
0-1

[Event "Asian Cup"]
[Site "SchemingMind.com"]
[Date "2009.11.02"]
[Round "-"]
[White "MrPerry"]
[Black "Carl Lenox"]
[Result "1-0"]
[WhiteCountry "USA"]
[BlackCountry "CAN"]
[WhiteElo "1814"]
[WhiteRD "84"]
[BlackElo "1372"]
[BlackRD "64"]
[GameID "225146"]

1. b3 e5 2. Bb2 Nc6 3. e3 d5 4. Bb5 Bd7 5. Bxc6 Bxc6 6. Bxe5 f6 7. Bb2 Bd6 8. Nf3 Qe7 9. d3 O-O-O 10. Nd4 Bd7
11. a4 f5 12. Nb5 Bb4+ 13. c3 Bd6 14. Nxa7+ Kb8 15. Nb5 c6 16. Nxd6 Qxd6 17. Qf3 Nf6 18. Qg3 Qxg3 19. hxg3 Rhe8 20. c4 g5
21. Bxf6 Rc8 22. Rxh7 Be6 23. Nd2 g4 24. O-O-O b6 25. Rdh1 c5 26. Rg7 Rc7 27. Be5 Rc8 28. Rxc7 d4 29. Rxc8+
1-0

[Event "Asian Cup"]
[Site "SchemingMind.com"]
[Date "2009.11.03"]
[Round "-"]
[White "Teagy"]
[Black "talobsessed"]
[Result "0-1"]
[WhiteCountry "ENG"]
[BlackCountry "SWE"]
[WhiteElo "1845"]
[WhiteRD "73"]
[BlackElo "2088"]
[BlackRD "129"]
[GameID "225242"]

1. e4 e5 2. f4 exf4 3. Nf3 Nc6 4. d4 Nf6 5. e5 Nd5 6. Bc4 Ne3 7. Bxe3 fxe3 8. O-O d5 9. exd6 Bxd6 10. Bxf7+ Kxf7
11. Ne5+ Kg8 12. Qh5 Qe7 13. Rf7 Qe6 14. Rf3 Nxd4 15. Rxe3 Nxc2
0-1

[Event "Asian Cup"]
[Site "SchemingMind.com"]
[Date "2009.11.03"]
[Round "-"]
[White "talobsessed"]
[Black "Teagy"]
[Result "1-0"]
[WhiteCountry "SWE"]
[BlackCountry "ENG"]
[WhiteElo "2088"]
[WhiteRD "129"]
[BlackElo "1845"]
[BlackRD "73"]
[GameID "225245"]

1. e4 e6 2. d4 d5 3. Nd2 Be7 4. Ngf3 Nf6 5. Bd3 c5 6. exd5 Qxd5 7. dxc5 Qxc5 8. O-O Qc7 9. Re1 Nbd7 10. Ne4 O-O
11. Bg5 h6 12. Bh4 Nd5 13. c4 Bxh4 14. cxd5 exd5 15. Nc3 d4 16. Nd5 Qd6 17. Nxh4 Qxd5 18. Nf5 Qa5 19. Qg4 g6 20. Nxh6+ Kg7
21. Nxf7
1-0

[Event "Asian Cup"]
[Site "SchemingMind.com"]
[Date "2009.11.06"]
[Round "-"]
[White "chesshub"]
[Black "palomo"]
[Result "1-0"]
[WhiteCountry "FRA"]
[BlackCountry "ARG"]
[WhiteElo "2470"]
[WhiteRD "67"]
[BlackElo "1506"]
[BlackRD "91"]
[GameID "225590"]

1. d4 d5 2. c4 e6 3. Nf3 Nf6 4. Nc3 c6 5. Bg5 Be7 6. e3 dxc4 7. Bxc4 b5 8. Bd3 O-O 9. O-O h6 10. Bxf6 Bxf6
11. Nxb5 cxb5 12. Be4 Nc6 13. Bxc6 Rb8 14. Qb3 Bd7 15. Rac1 Bxc6 16. Rxc6 a5 17. Rfc1 a4 18. Qd3 Qa5 19. g3 Rfe8 20. Qe4 b4
21. Kg2 e5 22. dxe5
1-0

[Event "Asian Cup"]
[Site "SchemingMind.com"]
[Date "2009.11.08"]
[Round "-"]
[White "pmsd"]
[Black "Jonno"]
[Result "1-0"]
[WhiteCountry "VEN"]
[BlackCountry "ENG"]
[WhiteElo "1552"]
[WhiteRD "169"]
[BlackElo "1193"]
[BlackRD "70"]
[GameID "225591"]

1. d4 Nf6 2. c4 d5 3. Nc3 g6 4. Nf3 Bg7 5. Bg5 c6 6. e3 O-O 7. Be2 Ne4 8. Nxe4 dxe4 9. Nd2 f6 10. Bf4 Nd7
11. Nxe4 Re8 12. h3 f5 13. Ng5 Nf6 14. c5 h6 15. Bc4+ e6 16. Nf3 b5 17. cxb6 Qxb6 18. Ne5
1-0

[Event "Asian Cup"]
[Site "SchemingMind.com"]
[Date "2009.11.06"]
[Round "-"]
[White "palomo"]
[Black "chesshub"]
[Result "0-1"]
[WhiteCountry "ARG"]
[BlackCountry "FRA"]
[WhiteElo "1506"]
[WhiteRD "91"]
[BlackElo "2470"]
[BlackRD "67"]
[GameID "225597"]

1. e4 c5 2. Nf3 d6 3. d4 cxd4 4. Nxd4 Nf6 5. Nc3 Nc6 6. Bg5 e6 7. f4 Be7 8. Bxf6 Bxf6 9. Nxc6 bxc6 10. Qf3 d5
11. O-O-O Rb8 12. Kb1 O-O 13. h4 dxe4 14. Rxd8 exf3 15. Rxf8+ Kxf8 16. gxf3 Bxc3 17. Kc1 Rxb2 18. Bc4 Ba6 19. Bb3 c5 20. a4 c4
0-1

[Event "Asian Cup"]
[Site "SchemingMind.com"]
[Date "2009.11.07"]
[Round "-"]
[White "Jonno"]
[Black "pmsd"]
[Result "0-1"]
[WhiteCountry "ENG"]
[BlackCountry "VEN"]
[WhiteElo "1193"]
[WhiteRD "70"]
[BlackElo "1552"]
[BlackRD "169"]
[GameID "225598"]

1. e4 c5 2. Nf3 Nc6 3. d4 cxd4 4. Nxd4 e5 5. Nb5 Nf6 6. N1c3 a6 7. Nd6+ Bxd6 8. Qxd6 Qe7 9. Qxe7+ Nxe7 10. Bg5 h6
11. Bxf6 gxf6 12. Bd3 b5 13. O-O Bb7 14. Rfe1 Rg8 15. b4 d6 16. Rad1 O-O-O 17. a4 f5
0-1

[Event "Asian Cup"]
[Site "SchemingMind.com"]
[Date "2009.11.10"]
[Round "-"]
[White "lame wolf"]
[Black "waldron"]
[Result "0-1"]
[WhiteCountry "INT"]
[BlackCountry "USA"]
[WhiteElo "1097"]
[WhiteRD "53"]
[BlackElo "2245"]
[BlackRD "64"]
[GameID "226114"]

1. c4 e5 2. Nc3 Nf6 3. d4 exd4 4. Qxd4 Nc6 5. Qd1 Bb4 6. Bd2 O-O 7. e3 d6 8. Bd3 Ne5 9. Nf3 Nxd3+ 10. Ke2 Bf5
11. Qb3 Bxc3 12. Bxc3 Nc5 13. Qd1 Bd3+ 14. Ke1 Nfe4 15. b4 Nxc3 16. Qb3 Nxb3
0-1

[Event "Asian Cup"]
[Site "SchemingMind.com"]
[Date "2009.11.10"]
[Round "-"]
[White "mmccaffe"]
[Black "Quirine"]
[Result "0-1"]
[WhiteCountry "USA"]
[BlackCountry "NED"]
[WhiteElo "1663"]
[WhiteRD "60"]
[BlackElo "1971"]
[BlackRD "91"]
[GameID "226115"]

1. e4 e6 2. d4 d5 3. Nd2 Nf6 4. e5 Nfd7 5. c3 c5 6. Ngf3 Nc6 7. Bb5 Be7 8. O-O O-O 9. Bxc6 bxc6 10. a3 cxd4
11. cxd4 Ba6 12. Re1 c5 13. Nf1 Rb8 14. Ng3 Qb6 15. dxc5 Bxc5 16. b4 Bxf2+
0-1

[Event "Asian Cup"]
[Site "SchemingMind.com"]
[Date "2009.11.10"]
[Round "-"]
[White "waldron"]
[Black "lame wolf"]
[Result "1-0"]
[WhiteCountry "USA"]
[BlackCountry "INT"]
[WhiteElo "2245"]
[WhiteRD "64"]
[BlackElo "1097"]
[BlackRD "53"]
[GameID "226127"]

1. g3 c6 2. c4 e5 3. d4 Bb4+ 4. Bd2 Bxd2+ 5. Qxd2 Qe7 6. dxe5 Qxe5 7. Nf3 Qc7 8. Nc3 Ne7 9. Qg5 O-O 10. Qxe7 Qb6
11. Rb1 d5 12. cxd5 cxd5 13. Nxd5 Qe6 14. Qxe6 Bxe6 15. Nc7
1-0

[Event "Asian Cup"]
[Site "SchemingMind.com"]
[Date "2009.11.10"]
[Round "-"]
[White "Quirine"]
[Black "mmccaffe"]
[Result "1-0"]
[WhiteCountry "NED"]
[BlackCountry "USA"]
[WhiteElo "1984"]
[WhiteRD "88"]
[BlackElo "1615"]
[BlackRD "59"]
[GameID "226128"]

1. d4 d5 2. Nf3 Nf6 3. c4 e6 4. Nc3 Be7 5. Bg5 h6 6. Bxf6 Bxf6 7. e3 c6 8. Bd3 O-O 9. O-O Nd7 10. e4 dxc4
11. Bxc4 Nb6 12. Bb3 Qc7 13. Rc1 Rd8 14. Qe2 a5 15. Rfd1 a4 16. Bc2 a3 17. b3 e5 18. dxe5 Rxd1+ 19. Rxd1 Bxe5 20. Nxe5 Qxe5
21. Rd8+ Kh7 22. Qe3 Ra5 23. f4 Qc5 24. e5+ g6 25. Kf2 Qxe3+ 26. Kxe3 c5 27. Be4 c4 28. b4 Ra7 29. Kd4 Be6 30. Rb8 Bc8
31. Nd5 Ra8 32. Rxa8 Nxa8 33. Kxc4 Be6 34. Kc5 Bd7 35. Nf6+
1-0

[Event "Asian Cup"]
[Site "SchemingMind.com"]
[Date "2009.11.27"]
[Round "-"]
[White "lemmie"]
[Black "jorge47"]
[Result "1-0"]
[WhiteCountry "NED"]
[BlackCountry "ARG"]
[WhiteElo "1617"]
[WhiteRD "52"]
[BlackElo "1468"]
[BlackRD "101"]
[GameID "228368"]

1. e4 c5 2. Nf3 d6 3. Bc4 Nc6 4. Nc3 a6 5. d4 cxd4 6. Nxd4 g6 7. Nxc6 bxc6 8. Qf3 Nf6 9. Bg5 Bg7 10. O-O O-O
11. h3 h6 12. Bxf6 Bxf6 13. Qg3 Rb8 14. Qxg6+ Bg7 15. Qg3 Rxb2 16. Bb3 Kh8 17. Rae1 Bxc3 18. Qxc3+
1-0

[Event "Asian Cup"]
[Site "SchemingMind.com"]
[Date "2009.11.27"]
[Round "-"]
[White "jorge47"]
[Black "lemmie"]
[Result "0-1"]
[WhiteCountry "ARG"]
[BlackCountry "NED"]
[WhiteElo "1427"]
[WhiteRD "103"]
[BlackElo "1633"]
[BlackRD "49"]
[GameID "228375"]

1. e4 e5 2. Nf3 Nc6 3. Nc3 Bc5 4. a3 Nf6 5. Be2 d6 6. h3 Be6 7. O-O O-O 8. d3 a6 9. b4 Ba7 10. Bg5 h6
11. Bh4 Nd4 12. Na4 b5 13. Nb2 c6 14. c3 Nxe2+ 15. Qxe2 Bb6 16. a4 Qe7 17. a5 Bd8 18. c4 Qd7 19. cxb5 cxb5 20. d4 exd4
21. Nxd4 Bxh3 22. gxh3 Qxh3 23. Nf3 Bc7 24. Nd3 Ng4 25. Nf4 Qxf1+ 26. Rxf1 d5 27. Nxd5 Rac8 28. Rc1 Bh2+ 29. Nxh2 Rxc1+ 30. Nf1 h5
31. Ne7+ Kh8 32. Nd5 f5 33. Ne7 Kh7 34. Nxf5 g6 35. Ne3 Ne5 36. Qb2 Nf3+ 37. Kh1 Rcc8 38. Be7 Rf7 39. Bc5 Ng5 40. e5 Rf4
41. Ng2 Rc4 42. f4 Nf3 43. Qe2 Nd4 44. Qd3 Rd8 45. Nfe3 Rc1+ 46. Nd1 Ne6 47. Bd6 Kh6 48. Nh4 Nxf4 49. Qd2 Rc4 50. e6 g5
51. Nf5+ Kg6 52. Ne7+ Kf6 53. Qb2+ Kxe6 54. Qe5+ Kd7 55. Ne3 Rc1+ 56. Kh2 Nd3 57. Qf5+ Kxd6 58. N3d5 Rc2+ 59. Kg3 Rf2 60. Qxd3 Rff8
61. Qg6+ Ke5 62. Qxg5+ Ke6 63. Nc7+ Kd7 64. Ne6 Kxe6 65. Qe3+ Kd6 66. Qc5+ Ke6 67. Nd5 Rg8+ 68. Kh3 Rxd5 69. Qc6+ Rd6 70. Qe4+ Kf7
71. Qf5+ Rf6 72. Qxh5+ Rfg6 73. Qf5+ Kg7 74. Qe5+ Kh7 75. Qe7+ R8g7 76. Qe4 Kh6 77. Qf4+ Kh7 78. Qf5 Kh8 79. Qf8+ Rg8
0-1

[Event "Asian Cup"]
[Site "SchemingMind.com"]
[Date "2009.12.18"]
[Round "-"]
[White "Naoki_M"]
[Black "Clive Everill"]
[Result "0-1"]
[WhiteCountry "JPN"]
[BlackCountry "CZE"]
[WhiteElo "1643"]
[WhiteRD "93"]
[BlackElo "1721"]
[BlackRD "48"]
[GameID "230781"]

1. d4 c5 2. d5 a6 3. e4 d6 4. Nc3 g6 5. Nf3 Bg7 6. Bd2 Nf6 7. Bd3 O-O 8. h3 b5 9. Qe2 c4 10. Bxc4 bxc4
11. Qxc4 a5 12. Nd4 Ba6 13. Ndb5 Nbd7 14. O-O-O Nb6 15. Qe2 Re8 16. g4 Qd7 17. b3 a4 18. Be3 axb3 19. axb3 Bxb5 20. Nxb5 Nxe4
21. Bd4 Bxd4 22. Nxd4 Nc3 23. Qf3 Nxd1 24. Rxd1 Ra1+ 25. Kd2 Rxd1+ 26. Qxd1 e5 27. Ne2 Nxd5 28. c4 Nf4 29. Nxf4 exf4 30. b4 Qc6
31. Kc3 f3 32. b5 Qc5 33. Qd3 Qxf2 34. Qxd6 Re3+ 35. Kb4 Qb2+ 36. Kc5 Qa3+ 37. Kc6 Qxd6+ 38. Kxd6 f2 39. b6 f1=Q 40. b7 Re6+
0-1

[Event "Asian Cup"]
[Site "SchemingMind.com"]
[Date "2009.12.18"]
[Round "-"]
[White "Clive Everill"]
[Black "Naoki_M"]
[Result "1-0"]
[WhiteCountry "CZE"]
[BlackCountry "JPN"]
[WhiteElo "1721"]
[WhiteRD "48"]
[BlackElo "1643"]
[BlackRD "93"]
[GameID "230786"]

1. e4 e5 2. Nc3 Nf6 3. f4 d5 4. fxe5 Nxe4 5. Nf3 Bc5 6. d4 Be7 7. Bf4 Be6 8. Qd3 Nc6 9. a3 a6 10. Be2 O-O
11. O-O Qd7 12. Rad1 f5 13. exf6 Bxf6 14. Nxe4 dxe4 15. Qxe4 Bd5 16. Qd3 Rae8 17. c3 b5 18. Qd2 Be4 19. Bd3 Bxd3 20. Qxd3 Re7
21. Ne5 Bxe5 22. Bxe5 Rxf1+ 23. Qxf1 Rf7 24. Qe2 Qe7 25. Re1 Nxe5 26. dxe5 Qe6 27. Qd3 Rd7 28. Qf3 h6 29. Qa8+ Kh7 30. Qe4+ g6
31. h3 c5 32. h4 h5 33. Kh2 c4 34. Rf1 Kg7 35. Rf6 Qg4 36. Qxg4 hxg4 37. Rxa6 Rb7 38. Kg3 Kf7 39. Kxg4 Re7 40. e6+ Rxe6
41. Rxe6 Kxe6 42. Kg5 Kf7 43. g4 Kg7 44. Kf4 Kf6 45. g5+ Kf7 46. Ke5 Ke7 47. Kd5
1-0

[Event "Asian Cup"]
[Site "SchemingMind.com"]
[Date "2009.12.28"]
[Round "-"]
[White "Phil Cook"]
[Black "APB"]
[Result "1-0"]
[WhiteCountry "NZL"]
[BlackCountry "ENG"]
[WhiteElo "2148"]
[WhiteRD "87"]
[BlackElo "1587"]
[BlackRD "57"]
[GameID "232645"]

1. Nf3 Nf6 2. g3 e6 3. Bg2 b6 4. O-O Bb7 5. c4 Be7 6. d3 d5 7. Qa4+ Bc6 8. Qc2 dxc4 9. dxc4 h6 10. Nc3 a6
11. Rd1 Qc8 12. e4 Bd6 13. e5 Bxe5 14. Nxe5 Bxg2 15. Kxg2 Qb7+ 16. Kg1 c6 17. Ng6 fxg6 18. Qxg6+ Qf7 19. Rd8+ Ke7 20. Qxf7+ Kxf7
21. Rxh8 Ng8 22. Na4
1-0

[Event "Asian Cup"]
[Site "SchemingMind.com"]
[Date "2009.12.28"]
[Round "-"]
[White "APB"]
[Black "Phil Cook"]
[Result "0-1"]
[WhiteCountry "ENG"]
[BlackCountry "NZL"]
[WhiteElo "1587"]
[WhiteRD "57"]
[BlackElo "2148"]
[BlackRD "87"]
[GameID "232649"]

1. e4 e5 2. Nf3 Nc6 3. Bc4 Bc5 4. c3 Nf6 5. d3 d6 6. b4 Bb6 7. Ng5 O-O 8. Qb3 Qe7 9. O-O a5 10. Bxf7+ Rxf7
11. Nxf7 Qxf7 12. Qxf7+ Kxf7 13. Bd2 axb4 14. cxb4 Bd4 15. Nc3 Nxb4 16. a3 Nxd3 17. Rab1 Bxc3 18. Bxc3 Rxa3 19. Bd2 Nxe4
0-1